000 00570nam a2200193Ia 4500
005 20250508152732.0
008 008 250505s9999 xx 000 0 eng d
037 _aTextual
040 _aFEDL
_beng
_cFEDL
041 _aeng
_2eng
084 _a155.5, AVE
_qFEDL
100 _aAverill Lawrence Augustus
_9757567
245 0 _aAdolescence : A study in the teen years
260 _aBoston, USA
_bHoughton Mifflin Company
_c1936
300 _avi, 495p
650 _aDevelopmental Psychology
942 _cTEXL
_h155.5, AVE
999 _c1338408
_d1338408